000
00305nam a22001097a 4500
041
_a
ENG
100
_a
631.372.51.;629.114.2
245
_a
Agricultural Tractors -Maximum Actuating Forces Required To Perate Controls
260
_a
New Delhi
_b
BIS
_c
1992
650
_a
BIS-Test Code
856
_u
BIS-Test Code
999
_c
1995
_d
1995